Theodor Adorno: (Record no. 83162)

MARC details
000 -LEADER
fixed length control field 00629nam a22001817a 4500
005 - DATE AND TIME OF LATEST TRANSACTION
control field 20140324160932.0
010 ## - LCCN (DPL NO)
LC control number B-500363
020 ## - INTERNATIONAL STANDARD BOOK NUMBER
International Standard Book Number 9788131604885
Terms of availability 695.00
035 ## - SYSTEM CONTROL NUMBER
System control number 9788131604885
037 ## - SOURCE OF ACQUISITION
Stock number dpl
Source of stock number/acquisition Mallika Books/Ven
082 ## - DEWEY DECIMAL CLASSIFICATION NUMBER
Classification number 193
245 ## - TITLE STATEMENT
Title Theodor Adorno:
Remainder of title key concepts/
Statement of responsibility, etc edited by Deborah Cook
260 ## - PUBLICATION, DISTRIBUTION, ETC. (IMPRINT)
Place of publication, distribution, etc New Delhi
Name of publisher, distributor, etc Mallika Books
Date of publication, distribution, etc 2012
270 ## - ADDRESS
Address 4858/24, Ansari Road, Daryaganj
City New Delhi
Postal code 110002
300 ## - PHYSICAL DESCRIPTION
Extent xii,212p.
Dimensions 20cm(pbk)
942 ## - ADDED ENTRY ELEMENTS (KOHA)
Source of classification or shelving scheme Dewey Decimal Classification
Item type English Books
Classification part 193
Call number suffix THE
Holdings
Withdrawn status Lost status Not for loan Collection code Home library Current library Date acquired Source of acquisition Cost, normal purchase price Full call number Barcode Copy number Cost, replacement price Koha item type
      Non-fiction Central Library Central Library 24/03/2014 Mallika Books/99/15.03.2013/174/08.03.2013/18.03.2013 695.00 193 THE B-500363 1 695.00 English Books

© Delhi Public Library
Hit Counter
free hit counter